Normal view
MARC view
Entry Genre/Form Term
001 - CONTROL NUMBER
- control field: 25833
003 - CONTROL NUMBER IDENTIFIER
- control field:
005 - DATE AND TIME OF LATEST TRANSACTION
- control field: 20250818125726.0
008 - FIXED-LENGTH DATA ELEMENTS
- fixed length control field: 250818|| aca||aabn | a|a d
040 ## - CATALOGING SOURCE
- Original cataloging agency:
- Transcribing agency:
155 ## - HEADING--GENRE/FORM TERM
- Genre/form term: Biographies
670 ## - SOURCE DATA FOUND
- Source citation: Work cat.: ()13306: Kanyeihamba, George W., author. 10700, The blessings and joy of being who you are /